000 00343nam a2200157Ia 4500
005 20250508165023.0
008 250508s9999||||xx |||||||||||||| ||und||
041 _aEnglish
082 _a158.3
_bEGA
100 _aEgan, Gerard
245 4 _aThe Skilled Helper
250 _a11ed
260 _bCengage
_c2014
300 _a432p
942 _cBK
999 _c13606
_d13606